Science avec conscience

Guardat en:
Dades bibliogràfiques
Autor principal: Morin, Edgar (auteur)
Format: Llibre
Idioma:francès
Publicat: París Fayard 1982
Col·lecció:Sciences, 64
Matèries:
Etiquetes: Afegir etiqueta
Sense etiquetes, Sigues el primer a etiquetar aquest registre!

MARC

LEADER 00000nam a2200000 a 4500
001 UCX3827
003 CL-VaPUC
008 920110e19820000FR |||||||||||||||||fre|d
082 0 4 |a 501  |b MOR  |2 21 
100 |a Morin, Edgar  |e auteur  |9 320032 
245 1 0 |a Science avec conscience 
300 |a 315 p 
942 |c BK 
945 |d 19920110 00:00:00 
260 |a París  |b Fayard  |c 1982 
650 0 |a Filosofía de las ciencias  |9 256466 
650 0 |a Aspectos sociales  |9 254894 
583 |a last modification  |c 20180327 03:30:14  |k Rodrigo Vera 
490 0 |a Sciences, 64 
999 |c 224480  |d 224478 
952 |0 0  |1 0  |4 0  |6 501_000000000000000_MOR_1982  |7 0  |8 A  |9 221154  |a BIBCUR  |b BIBCUR  |d 2019-11-15  |i 2898942  |o 501 MOR 1982  |p 2898942  |r 2025-04-22  |w 2019-11-15  |y BK  |k FIS